| 000 | 00642nam a2200205 u 4500 | ||
|---|---|---|---|
| 001 | 000418530 | ||
| 003 | AM-YeHGA | ||
| 005 | 20250618072436.0 | ||
| 008 | 050405s1920 ||||||||||||||||||||arm d | ||
| 040 | _aAM-YeHGA | ||
| 041 | 0 | _aarm | |
| 100 | 1 |
_aԱնտոնյան, Արամ Անտոնի, _d1875-1951 _92156 |
|
| 245 | 1 | 0 |
_aԳանձարան : _bԲարձրագոյն դասընթացք / _cԿազմ.՝ Ա. Անտոնեան. |
| 250 | _aԲ տպագր. | ||
| 260 |
_aԿ. Պոլիս : _bԳրատուն Պ. Պալենց, _c1920. |
||
| 300 | _a472 էջ. | ||
| 650 | 1 | 4 | _aՀայ գրականություն |
| 942 |
_2udc _cBK |
||
| 090 | _c161188 | ||
| 999 |
_c159784 _d159784 |
||